00524nam a2200169Ia 4500008004100000020001800041041000800059082001300067100001700080245002900097250000600126260005300132300001400185650001400199999001900213952012200232210716s2013 xx 000 0 und d a9788125916604 aeng a337 BHAH aBhatia, H L. aInternational economics. a1 aNew DelhibVikas Publishing House Pvt Ltdc2013 axviii,654 aEconomics c208314d208314 001040708MBAaAIMITbAIMITd2013-12-19g510.00l0o337 BHAHpMBA10880r2026-05-23 00:00:00v382.50w2021-07-16yBK